000 00307nam a2200121Ia 4500
008 220217s9999||||xx |||||||||||||| ||und||
082 _a894.814 3 KUV
100 _aKuvempu
245 0 _aSwami vivekananda
260 _aSri Ramakrishna Ashrama
_bMysore
_c2002
300 _b35
650 _aGENERAL BOOKS
999 _c172958
_d172958